000 00367nam a22001457a 4500
003 OSt
005 20160727222418.0
008 160625b xxu||||| |||| 00| 0 eng d
040 _cTEST
100 _91183
_aHill, L.A., et al
245 _aChildrens's Picture Dictionary
260 _aNEW YORK
_bOXFORD
_c1981
300 _aChildrens's Picture Dictionary
942 _2ddc
_cBK
999 _c964
_d964